Normal view
MARC view
- Muhammad Aamir Jelani
Entry Personal Name
001 - CONTROL NUMBER
- control field: 55496
003 - CONTROL NUMBER IDENTIFIER
- control field: NUST
005 - DATE AND TIME OF LATEST TRANSACTION
- control field: 20210625111957.0
008 - FIXED-LENGTH DATA ELEMENTS
- fixed length control field: 210625|| aca||aabn | a|a d
040 ## - CATALOGING SOURCE
- Original cataloging agency: NUST
- Transcribing agency: NUST
100 ## - HEADING--PERSONAL NAME
- Personal name: Muhammad Aamir Jelani
670 ## - SOURCE DATA FOUND
- Source citation: Work cat.: (NUST): Anum Haroon. 55494, Face Detection ,Classification & Transformation /, 2012.
